000 00377nam a2200157Ia 4500
003 OSt
005 20240210153102.0
008 170524s9999 xx 000 0 und d
020 _a9780199476299
040 _cIIMT UNIVERSITY
100 _aSedra & Smith
245 0 _aMicro electronic Circuits Theory and Applications
260 _bOxford
260 _c2011
942 _2ddc
_c02
999 _c6099
_d6099